| 000 | 02572nam a2200637 i 4500 | ||
|---|---|---|---|
| 001 | 35653 | ||
| 003 | KOSZ 005 | ||
| 005 | 20240405063112.0 | ||
| 008 | 231016s1995 pl a g 000 0 pol | ||
| 015 | _aUWD 2001/16250 | ||
| 020 | _a8390115840 | ||
| 035 | _a991015197129705066 | ||
| 035 | _a(PL-WaBN)b14082007-48omnis_nlop | ||
| 035 | _ab14082007 | ||
| 035 | _a(OCoLC)830281004 | ||
| 035 | _azz2004788756 | ||
| 035 | _a(PL)b0000001408200 | ||
| 035 | _a(EXLNZ-48OMNIS_NETWORK)9910417154505606 | ||
| 040 |
_aWA N _cWA N _dKOSZ 005/RW |
||
| 041 | 1 |
_apol _bcze _hcze |
|
| 080 | _a94(100)"1914/1918" | ||
| 080 | _a94(438).078 | ||
| 080 | _a355(436+439) | ||
| 080 | _a929-051(437) | ||
| 100 | 1 |
_aVít, Jan _d(1879-1954) _eAutor |
|
| 245 | 1 | 0 |
_aWspomnienia z mojego pobytu w Przemyślu podczas rosyjskiego oblężenia 1914-1915 / _cJan Vit ; z języka czeskiego przełożyli Ladislav Hofbauer i Jerzy Husar ; do druku przygotował i przedmową poprzedził Stanisław Stępień ; Południowo-Wschodni Instytut Naukowy w Przemyślu. |
| 246 | 1 |
_iTytuł oryginału: _aVzpomínky z mého pobytu v Přemyšlu za ruského obležení 1914-1915 |
|
| 260 |
_aPrzemyśl : _bPWIN, _c1995. |
||
| 300 |
_a104 strony, [20] stron tablic (w tym kolorowych), [2] karty map : _bfotografie, ilustracje, mapy ; _c21 cm. |
||
| 336 |
_aTekst _btxt _2rdacontent |
||
| 337 |
_aBez urządzenia pośredniczącego _bn _2rdamedia |
||
| 338 |
_aWolumin _bnc _2rdacarrier |
||
| 380 | _aKsiążki | ||
| 380 | _aLiteratura faktu, eseje, publicystka | ||
| 388 | 1 | _a1901-2000 | |
| 388 | 1 | _a1989-2000 | |
| 546 | _aStreszczenie w języku czesskim. | ||
| 600 | 1 | 7 |
_aVít, Jan _d(1879-1954) _2DBN |
| 648 | 7 |
_a1901-2000 _2DBN |
|
| 648 | 7 |
_a1914-1918 _2DBN |
|
| 650 | 7 |
_aI wojna światowa (1914-1918) _2DBN |
|
| 650 | 7 |
_aCzesi _2DBN |
|
| 650 | 7 |
_aOblężenie Twierdzy Przemyśl (1914-1915) _2DBN |
|
| 650 | 7 |
_aWojsko _2DBN |
|
| 651 | 7 | _aAustria | |
| 655 | 7 |
_aPamiętniki czeskie _2DBN |
|
| 658 | _aBezpieczeństwo i wojskowość | ||
| 658 | _aHistoria | ||
| 700 | 1 |
_aHofbauer, Ladislav _eTłumaczenie |
|
| 700 | 1 |
_aHusar, Jerzy _d(1940-2001) _eTłumaczenie |
|
| 700 | 1 |
_aStępień, Stanisław _c(historyk) _eOpracowanie |
|
| 710 | 2 |
_aPołudniowo-Wschodni Instytut Naukowy (Przemyśl) _4pbl |
|
| 856 |
_uhttp://koha.tu.koszalin.pl/cgi-bin/koha/opac-detail.pl?biblionumber=35653 _yKatalog online BPK |
||
| 942 |
_2UKD _cKS |
||
| 999 |
_c35653 _d35653 |
||